000 01180nam a22002657a 4500
005 20170124103040.0
010 _aB-076173
020 _c150.00
035 _aB-076173
037 _bCen Lib/Ret
040 _aDPL
_bHN
082 _a
_bघिल्डिया
100 _aघिल्डिया, कालीप्रसाद
_943912
245 _aदेवगढ की सुमति /
_c कालीप्रसाद घिल्डिया ''किशोर ''
246 _aDevgarh ki sumti
_b by R Kaaliprasad Ghildiyal ''Kishor ''
260 _aदिल्ली
_bसाहित्य भारती
_c2002
270 _aडी -585/12, गली न. 2, अशोक नगर शाहदरा
_bदिल्ली
_e110032
300 _a115पृष्ठ.
_c21सेमी(सजिल्द)
650 _aहिंदी साहित्य
_9138453
650 _aसामाजिक -हिंदी उपन्यास
_966897
650 _aHindi literature
_9138454
650 _aSocial -hindi novel
_966899
700 _aविलिनाथान
_9138455
942 _2ddc
_cHN
_h
_mघिल्डिया
999 _c116507
_d116507